[Event "3.RSCO"]
[Site "Rostock"]
[Date "2003.??.??"]
[Round "5"]
[White "Star Diamond, Novag"]
[Black "Berlin Pro, Mephisto"]
[Result "1-0"]
[WhiteElo "2161"]
[BlackElo "2254"]
[Annotator "Völschow,Michael"]
[PlyCount "103"]
[EventDate "2003.??.??"]
[EventRounds "10"]
[EventCountry "GER"]
[SourceDate "2003.03.19"]

1. e4 c6 2. d4 d5 3. exd5 cxd5 4. c4 Nf6 5. Nc3 e6 6. Nf3 Bb4 7. cxd5 Nxd5 {*}
8. Qb3 Nc6 9. Bd3 Qb6 10. Bd2 Nxd4 11. Nxd4 Qxd4 12. Bb5+ Kf8 13. O-O-O {*}
Bxc3 14. Bxc3 Qxf2 15. Qb4+ Kg8 {+0,12} 16. Rhe1 Qxg2 {-0,90} 17. Qd6 Qg5+ {-1,
57} 18. Bd2 {+0,92} Qe7 19. Qxe7 (19. Qxd5 exd5 20. Rxe7 $18) 19... Nxe7 20.
Bb4 Bd7 21. Rxd7 Nd5 22. Bc5 b6 23. Bd4 Nf6 24. Bxf6 gxf6 25. Bc6 Rc8 26. Kd2
a5 27. Rg1+ Kf8 28. Rb7 h5 29. Rxb6 h4 30. Bf3 Ke7 31. Rb7+ Kd6 32. Rxf7 Rb8
33. Rb7 f5 34. Kd3 Ke5 35. Rc1 Kf4 36. Bc6 Rxb7 37. Rc4+ Kg5 38. Bxb7 Rb8 39.
Rc7 e5 40. Ke3 Kg4 41. b3 Kg5 42. Bd5 Rb6 43. Rc5 a4 44. bxa4 Rb2 45. Bc4 Kf6
46. a5 Rxh2 47. Rc6+ Kg5 48. a6 Rh3+ 49. Kf2 Ra3 50. Rc7 Kf4 51. a7 e4 52. Bd5
{+5,26} 1-0

[Event "3.RSCO"]
[Site "Rostock"]
[Date "2003.??.??"]
[Round "6"]
[White "Berlin Pro, Mephisto"]
[Black "Star Diamond, Novag"]
[Result "1/2-1/2"]
[WhiteElo "2254"]
[BlackElo "2161"]
[Annotator "Völschow,Michael"]
[PlyCount "65"]
[EventDate "2003.??.??"]
[EventRounds "10"]
[EventCountry "GER"]
[SourceDate "2003.03.19"]

1. e4 e5 2. Nf3 Nc6 3. d4 exd4 4. Nxd4 Bc5 5. Be3 Qf6 6. c3 Nge7 7. Bc4 O-O 8.
O-O Bb6 9. Na3 d6 10. Ndb5 a6 11. Nxd6 Bxe3 12. Nxc8 Raxc8 {*} 13. fxe3 {*} Qg6
14. Qf3 b5 15. Be2 Ne5 16. Qf4 Qe6 17. Nc2 c5 18. Ne1 Rcd8 19. Rf2 N7g6 20. Qf5
Rd2 21. Bh5 Rxf2 22. Kxf2 Nc4 (22... Rd8) 23. Qxe6 fxe6+ 24. Ke2 Nxb2 25. Bxg6
hxg6 26. Nf3 c4 27. Rc1 Nd3 28. Rd1 e5 29. a3 Nc5 30. Ng5 Nd3 {0,00} (30... Na4
31. Rc1 Rd8 32. Nf3 Rd3 33. Nxe5 Rxc3 34. Rxc3 Nxc3+ 35. Kd2 Nxe4+) 31. Nf3 {
0,00} Nc5 32. Ng5 Nd3 33. Nf3 1/2-1/2

[Event "3.RSCO"]
[Site "Rostock"]
[Date "2003.??.??"]
[Round "7"]
[White "Star Diamond, Novag"]
[Black "Berlin Pro, Mephisto"]
[Result "1-0"]
[WhiteElo "2161"]
[BlackElo "2254"]
[Annotator "Völschow,Michael"]
[PlyCount "95"]
[EventDate "2003.??.??"]
[EventRounds "10"]
[EventCountry "GER"]
[SourceDate "2003.03.19"]

1. d4 Nf6 2. c4 g6 3. Nc3 Bg7 4. e4 d6 5. f4 O-O 6. Nf3 c5 7. d5 e6 {*} 8. dxe6
Bxe6 9. Bd3 Nc6 10. f5 Bd7 11. O-O {*} Qb6 12. Bf4 Ne7 (12... Qxb2 13. Na4 Qa3
14. Bc1 Qb4 15. Bd2 Qa3 16. Bc1) 13. Qd2 Nh5 14. Bg5 Nf6 15. Rad1 Nc6 16. Bb1
Ne8 $2 {Der Berlin spielt erschreckend schwach. Er scheint die Stellung nicht
zu verstehen.} 17. b3 (17. Nd5 Qxb2 18. f6 Qxd2 19. Rxd2 Be6 20. Ne7+ Nxe7 21.
fxg7 Nxg7 22. Bxe7 Bxc4 23. Bxf8 Kxf8 24. Rc1 Be6 25. Rxd6 $18) 17... Qb4 {-1,
00} 18. Nb5 (18. Nd5) 18... Qxd2 19. Rxd2 Bc8 20. Nxd6 b6 21. Nxc8 (21. f6)
21... Rxc8 22. Rfd1 h6 23. Bf4 $2 {+2,11} (23. Be3) 23... g5 24. Bd6 Nxd6 25.
Rxd6 Rfe8 26. h3 Rcd8 27. Rxd8 Rxd8 28. Rxd8+ Nxd8 29. e5 Kf8 30. Be4 (30. f6)
30... h5 31. g4 h4 32. Kf2 Bh6 33. Ke3 a6 34. a3 (34. Bd5) 34... Ke8 35. Bd5 a5
36. Nd2 Bg7 37. f6 Bh6 38. Ne4 {+3,00} Bf8 39. Kd3 Kd7 40. Nxg5 Ke8 {-4,06} 41.
Nf3 Kd7 42. a4 Bh6 43. g5 Bf8 44. Bxf7 Nxf7 45. g6 Nh6 46. Ke4 Ke6 47. Ng5+ Kd7
48. Nh7 1-0

[Event "3.RSCO"]
[Site "Rostock"]
[Date "2003.??.??"]
[Round "8"]
[White "Berlin Pro, Mephisto"]
[Black "Star Diamond, Novag"]
[Result "1-0"]
[WhiteElo "2254"]
[BlackElo "2161"]
[Annotator "Völschow,Michael"]
[PlyCount "73"]
[EventDate "2003.??.??"]
[EventRounds "10"]
[EventCountry "GER"]
[SourceDate "2003.03.19"]

1. e4 c5 2. Nf3 d6 3. d4 cxd4 4. Nxd4 Nf6 5. Nc3 a6 6. Bg5 e6 7. f4 Be7 8. Qf3
Qc7 9. O-O-O Nbd7 10. g4 b5 11. Bxf6 Nxf6 12. g5 Nd7 13. f5 Bxg5+ 14. Kb1 Ne5
15. Qh5 Qe7 16. Nxe6 Bxe6 17. fxe6 g6 18. exf7+ Kxf7 19. Qe2 {*} Kg7 20. Nd5
Qd8 {*} 21. Rg1 Rf8 22. Bh3 h6 23. Rdf1 Qa5 24. Qd1 Rae8 25. a3 Ra8 26. Qd4 (
26. Bf5 gxf5 27. h4) 26... Kh7 27. Bg2 Nc4 28. Nf6+ Bxf6 29. Rxf6 Qc7 30. Rxg6
$1 {+1,03} Kxg6 (30... Qa7 31. Qxa7+ Rxa7 32. Rg3) 31. e5 dxe5 $2 (31... Nxe5
32. Bxa8+ Kf7 33. Qf4+ Ke8 34. Qxh6) 32. Bxa8+ Kh7 33. Qd3+ (33. Qe4+ Kh8 34.
Qg6 Qh7 35. Qe6 Nd2+ 36. Ka1 Rg8 37. Qf6+ Rg7 38. Bd5 Nc4 39. Rxg7 Qxg7 40.
Qd8+ Kh7 41. Be4+ Qg6 42. Qe7+ Kg8 43. Bxg6 Nd6 44. Qxd6 Kg7 45. Qe6 h5 46.
Qf7+ Kh6 47. h4 e4 48. Qh7#) 33... Kh8 34. Qg6 Qh7 35. Qxa6 {+2,33} (35. Qe6)
35... b4 {-2,73} 36. Qxc4 Rxa8 37. Qe6 {+10,2} 1-0

[Event "3.RSCO"]
[Site "Rostock"]
[Date "2003.??.??"]
[Round "9"]
[White "Star Diamond, Novag"]
[Black "Berlin Pro, Mephisto"]
[Result "0-1"]
[WhiteElo "2161"]
[BlackElo "2254"]
[Annotator "Völschow,Michael"]
[PlyCount "132"]
[EventDate "2003.??.??"]
[EventRounds "10"]
[EventCountry "GER"]
[SourceDate "2003.03.19"]

1. e4 e6 2. d4 d5 3. Nd2 dxe4 4. Nxe4 Be7 5. Nf3 Nd7 6. Bd3 Ngf6 7. O-O Nxe4 8.
Bxe4 c5 9. dxc5 {*} Nxc5 {*} 10. Qe2 Nxe4 11. Qxe4 O-O 12. Be3 Qd5 13. Qxd5
exd5 14. Rad1 Be6 15. Rfe1 Rac8 16. Re2 b6 17. Nd4 Bd7 18. Bf4 Bc5 19. Nf3 Bb5
20. Ree1 Rfd8 21. c3 h6 22. Re5 Bc4 23. b3 f6 24. Re6 Bb5 25. h3 Be8 26. Rde1
Bd7 27. R6e2 Re8 28. a4 Rxe2 29. Rxe2 Ba3 30. Bd2 Bd6 31. Re3 Bc5 32. Re1 Kf7
33. Bf4 Ba3 34. Bd2 Bd6 35. Nd4 h5 36. Kf1 g5 37. Ke2 a5 38. Kd3 Kg6 39. f3 Kf7
40. Re2 h4 41. Re1 Bg3 42. Re3 Rc5 43. Bc1 Be5 44. Bb2 Bc8 45. Ba3 Rc7 46. Re1
Kg6 47. Bb2 Ba6+ 48. Kd2 Rc8 49. Ba3 Kf7 50. Bb2 Rc5 51. Ba3 Rc7 52. Rd1 Rc8
53. Re1 Re8 54. Kd1 Bd3 55. Kd2 Bf4+ 56. Kd1 Rxe1+ 57. Kxe1 Bg3+ 58. Kd2 Bf1
59. Nf5 Bf4+ 60. Ne3 Bxg2 61. Ke2 Bxh3 62. Nxd5 Be5 63. Nxb6 Bf5 64. Nd5 Bc2 (
64... h3) 65. b4 h3 66. Kf2 Bd1 {+5,39} 0-1

[Event "3.RSCO"]
[Site "Rostock"]
[Date "2003.??.??"]
[Round "10"]
[White "Berlin Pro, Mephisto"]
[Black "Star Diamond, Novag"]
[Result "1-0"]
[WhiteElo "2254"]
[BlackElo "2161"]
[Annotator "Völschow,Michael"]
[PlyCount "63"]
[EventDate "2003.??.??"]
[EventRounds "10"]
[EventCountry "GER"]
[SourceDate "2003.03.19"]

1. d4 d5 2. c4 dxc4 3. Nf3 Nf6 4. e3 Bg4 5. Bxc4 e6 6. h3 Bh5 7. Nc3 Nbd7 8. g4
Bg6 9. Nh4 Be4 {*} 10. Nxe4 {*} Nxe4 11. Nf3 Bb4+ 12. Kf1 Nb6 13. Bb3 Qf6 14.
Bc2 Ng5 15. Ne5 O-O-O 16. h4 Ne4 17. Nf3 {+2,45} h5 {-2,96} 18. Bxe4 hxg4 19.
Ng5 Qe7 20. a3 Bd6 21. Bg2 f5 22. a4 Nd5 23. a5 Kb8 24. a6 b6 25. Qa4 Qd7 26.
Nxe6 b5 27. Qb3 Qxe6 28. Bxd5 Qe8 29. Bg2 g3 30. Qd5 c6 31. Qxc6 Qxc6 32. Bxc6
1-0

[Event "3.RSCO"]
[Site "Rostock"]
[Date "2003.??.??"]
[Round "1"]
[White "Montreux, Mephisto"]
[Black "Magellan, Mephisto"]
[Result "0-1"]
[WhiteElo "2254"]
[BlackElo "2195"]
[Annotator "Völschow,Michael"]
[PlyCount "96"]
[EventDate "2003.??.??"]
[EventRounds "10"]
[EventCountry "GER"]
[SourceDate "2003.03.19"]

1. e4 e5 2. f4 exf4 3. Nf3 d5 4. exd5 Nf6 5. c4 c6 {*} 6. Nc3 cxd5 7. d4 Bb4 8.
Bxf4 O-O 9. Be2 dxc4 10. Bxc4 Re8+ 11. Be5 {*} Be6 12. Bxe6 Rxe6 13. Ng5 Re7
14. O-O Nbd7 15. Bxf6 Nxf6 16. Qd3 Qa5 17. h4 Qa6 18. Nb5 g6 19. Qc4 Ba5 20.
Rf3 Rd7 21. Raf1 Bd8 22. Rc1 (22. b3) 22... h6 23. Ra3 Qb6 24. Nf3 a6 25. Qb3
Ng4 26. Nc3 Ne5 27. Ne2 Nxf3+ 28. Qxf3 Bxh4 29. Qg4 Re7 30. Qxh4 Rxe2 31. Rb3
Qa5 32. Rxb7 Qxa2 33. Rcc7 Rxb2 34. Rxb2 Qxb2 35. Qf6 Qb3 36. Rd7 Qe6 37. Qxe6
fxe6 38. Re7 a5 39. Rxe6 a4 40. Re2 a3 41. Ra2 Kf7 42. Kf2 h5 43. Ke3 g5 44.
Kd3 Ke6 45. Kc4 h4 46. Kc5 g4 47. d5+ Kd7 48. Kc4 h3 0-1

[Event "3.RSCO"]
[Site "Rostock"]
[Date "2003.??.??"]
[Round "2"]
[White "Magellan, Mephisto"]
[Black "Montreux, Mephisto"]
[Result "1-0"]
[WhiteElo "2195"]
[BlackElo "2254"]
[Annotator "Völschow,Michael"]
[PlyCount "95"]
[EventDate "2003.??.??"]
[EventRounds "10"]
[EventCountry "GER"]
[SourceDate "2003.03.19"]

1. e4 e5 2. Nf3 Nc6 3. Nc3 Nf6 4. Bc4 Bc5 {*} 5. d3 {*} O-O 6. O-O d6 7. Na4
Bg4 8. Nxc5 dxc5 9. c3 Na5 10. h3 Bxf3 11. Qxf3 Nxc4 12. dxc4 h6 13. Rd1 Qe7
14. Be3 b6 15. b3 Rfd8 16. Qf5 Rd6 17. a3 Rad8 18. Rxd6 Qxd6 19. b4 Re8 20.
bxc5 bxc5 21. Re1 Qa6 22. Bxc5 Qxc4 23. Bxa7 Qxc3 {+0,96} 24. Re3 Qc1+ 25. Kh2
Ra8 $11 (25... Qc6) 26. Rb3 Qc6 27. Bb8 Nd7 $2 (27... Nxe4 28. Qxe5 Nxf2 29.
Rc3 f6 30. Qxc7 Qxc7+ 31. Bxc7 Ne4 $11) 28. Rd3 {+0,8} Nf8 29. Rd8 Qc5 30. Qd7
f6 31. Qxc7 Qxc7 32. Bxc7 Rxd8 33. Bxd8 Kf7 34. Bb6 Ke6 35. f3 Nd7 36. Be3 Kd6
37. Kg3 Kc6 38. Kg4 Nf8 39. a4 Ng6 40. h4 Kb7 41. h5 Nf8 42. Kf5 Kc6 43. Bc1
Kd7 44. a5 Ne6 45. a6 Nc7 46. a7 {+4,4} Ke7 47. Kg6 Kf8 48. f4 1-0

[Event "3.RSCO"]
[Site "Rostock"]
[Date "2003.??.??"]
[Round "3"]
[White "Montreux, Mephisto"]
[Black "Magellan, Mephisto"]
[Result "1-0"]
[WhiteElo "2254"]
[BlackElo "2195"]
[Annotator "Völschow,Michael"]
[PlyCount "109"]
[EventDate "2003.??.??"]
[EventRounds "10"]
[EventCountry "GER"]
[SourceDate "2003.03.19"]

1. e4 c6 2. c4 d5 3. exd5 cxd5 4. d4 Nf6 5. Nc3 g6 6. Qb3 Bg7 7. cxd5 O-O 8.
Be2 Nbd7 9. Bf3 Nb6 10. Nge2 {*} Bg4 11. Bxg4 Nxg4 12. a4 {*} Qd7 13. a5 Nc8
14. O-O Nd6 15. f3 Nf6 16. Ra4 Rfc8 17. Bf4 Rc7 18. Ng3 Nfe8 19. Nge4 Rac8 20.
Be5 Qf5 21. g4 Qd7 22. Bxg7 Kxg7 23. Nc5 Qd8 24. Rb4 Rxc5 $6 25. dxc5 Rxc5 26.
a6 bxa6 27. Ra4 a5 28. Re1 Nf6 29. Rd4 Rc8 30. Qd1 Qb6 31. Na4 Qb7 32. Qe2 Rc7
33. g5 Nfe8 34. Nc3 Qb6 35. Qf2 Nf5 36. Rd3 Ned6 37. Ne4 Rc2 38. Rd2 Rxd2 39.
Qxb6 Nxe4 $6 {-0,5} (39... axb6 40. Nxd2 a4 41. Kf2 h6 42. f4) 40. Qb3 Nxg5 41.
Qc3+ Nd4 42. Rf1 Kg8 43. Qe3 Ngxf3+ 44. Rxf3 Nxf3+ 45. Qxf3 Rxb2 {-2,0} 46. Qe3
Rb7 47. Qc5 Rb1+ 48. Kf2 Rb2+ 49. Ke3 Rxh2 50. Qxe7 Rh1 51. d6 Kg7 52. Qe5+ f6
53. Qxa5 Rh3+ 54. Kf2 a6 55. Qd5 1-0

[Event "3.RSCO"]
[Site "Rostock"]
[Date "2003.??.??"]
[Round "4"]
[White "Magellan, Mephisto"]
[Black "Montreux, Mephisto"]
[Result "1-0"]
[WhiteElo "2195"]
[BlackElo "2254"]
[Annotator "Völschow,Michael"]
[PlyCount "101"]
[EventDate "2003.??.??"]
[EventRounds "10"]
[EventCountry "GER"]
[SourceDate "2003.03.19"]

1. e4 e5 2. Nf3 Nc6 3. Bc4 Nf6 4. d4 exd4 5. O-O Nxe4 6. Re1 d5 7. Bxd5 Qxd5 8.
Nc3 Qh5 9. Nxe4 Be6 10. Bg5 {*} Bb4 11. Nxd4 Qxd1 12. Rexd1 Nxd4 13. Rxd4 Be7 {
*} 14. Bxe7 Kxe7 15. Nc5 Rhd8 16. Re4 Rd2 17. Rae1 Rxc2 18. Nxe6 fxe6 19. Rxe6+
Kf8 20. R6e2 Rxe2 21. Rxe2 $11 Rd8 22. f4 Kf7 23. Kf2 c5 24. g4 g6 25. Kf3 Rd3+
26. Ke4 Rd4+ 27. Ke5 b6 28. Rc2 a5 29. Rf2 a4 30. h4 Ke7 31. Re2 Kd7 32. Re4
Rd2 $6 (32... a3 33. bxa3 Rd2) 33. Rxa4 Rxb2 34. Ra7+ Kc6 35. Rxh7 {+0,7} Re2+
{-0,18} 36. Kf6 c4 37. Ra7 $2 (37. h5 gxh5 38. Rxh5 Rxa2 39. g5) 37... c3 38.
Ra3 Re3 $11 39. Kxg6 c2 40. Rxe3 c1=Q 41. Re6+ Kc5 42. f5 Qb2 $2 43. h5 (43. f6
Qxa2 44. Re5+ Kd4 45. f7 Kxe5 46. f8=Q) 43... Qxa2 44. h6 Qa8 45. h7 b5 46. f6
Kd5 47. Rb6 (47. Re1) 47... Kc5 48. Ra6 Qe4+ 49. Kh6 Qf4+ 50. g5 Qh4+ {-3,61}
51. Kg6 {+3,8} 1-0

[Event "3.RSCO"]
[Site "Rostock"]
[Date "2003.??.??"]
[Round "5"]
[White "Montreux, Mephisto"]
[Black "Magellan, Mephisto"]
[Result "0-1"]
[WhiteElo "2254"]
[BlackElo "2195"]
[Annotator "Völschow,Michael"]
[PlyCount "108"]
[EventDate "2003.??.??"]
[EventRounds "10"]
[EventCountry "GER"]
[SourceDate "2003.03.19"]

1. e4 e5 2. Nc3 Nf6 3. Nf3 Nc6 4. d4 exd4 5. Nd5 Be7 6. Nxd4 Nxd5 7. exd5 Nxd4
8. Qxd4 O-O {*} 9. Be2 Bf6 10. Qd1 b6 11. O-O Bb7 12. Bd3 Re8 13. c3 Be5 14.
Be3 Qe7 15. Qc2 g6 16. c4 Qf6 17. Rab1 c6 18. f4 Bd6 19. dxc6 dxc6 20. Rbe1 $6
(20. Bd2) 20... Rxe3 21. Rxe3 Bc5 22. Qf2 Rd8 23. b4 Bxb4 24. Kh1 Bc5 25. Be2
Ba6 26. Qg3 Bxe3 27. Qxe3 Rd4 28. f5 gxf5 (28... g5) 29. Qg3+ Qg6 30. Qb8+ Kg7
31. Qe5+ Qf6 32. Qg3+ Kf8 33. Qb8+ Qd8 {+1,0} 34. Qe5 f6 35. Qxf5 Kg7 36. Rf4
Bc8 37. Rxd4 Qxd4 38. Qf3 Be6 39. Qg3+ Kf7 40. Qc7+ Kg6 41. Qg3+ Kh6 42. Qf3 a6
43. g3 $2 (43. Bf1) 43... Qe5 (43... b5 44. Qxc6 Bf5 45. Bf3 Qa1+ 46. Kg2 Qxa2+
47. Kg1 Qa1+ 48. Kf2 Qd4+ 49. Kg2 bxc4) 44. Qd3 b5 45. cxb5 cxb5 46. a3 Bc4 47.
Qd2+ Qg5 48. Qxg5+ fxg5 {+2,0} 49. Bg4 a5 50. Kg2 {-2,70} b4 51. axb4 a4 (51...
axb4 52. Bf5 b3 53. g4 Bf7 54. Kg3 Bg6 55. Be6 b2 56. Ba2 b1=Q) 52. Bf5 a3 53.
Bb1 a2 54. Bxa2 Bxa2 0-1

[Event "3.RSCO"]
[Site "Rostock"]
[Date "2003.??.??"]
[Round "6"]
[White "Magellan, Mephisto"]
[Black "Montreux, Mephisto"]
[Result "0-1"]
[WhiteElo "2195"]
[BlackElo "2254"]
[Annotator "Völschow,Michael"]
[PlyCount "66"]
[EventDate "2003.??.??"]
[EventRounds "10"]
[EventCountry "GER"]
[SourceDate "2003.03.19"]

1. e4 e5 2. Bc4 Nc6 {*} 3. Nc3 Nf6 4. d3 {*} Na5 5. Bb3 Nxb3 6. axb3 d5 7. exd5
Nxd5 (7... Bb4 8. Nf3 Nxd5 9. Bd2 Nxc3 10. bxc3 Bd6 11. O-O O-O 12. Ng5 f5 13.
Re1 Qf6 14. c4 h6 15. Nf3 e4 16. dxe4) 8. Qh5 Nb4 9. Qxe5+ Be7 10. Qe2 Bg4 11.
Nf3 O-O 12. O-O Bxf3 13. gxf3 Re8 14. Ne4 f5 15. Ng3 Bf6 16. Qd2 c5 17. Nxf5
Qd5 18. Ne3 Qxf3 19. Qd1 Qh3 20. Ng2 Nd5 21. Re1 $2 (21. Ra4) 21... Be5 22.
Rxe5 Rxe5 23. Bf4 Nxf4 24. Nxf4 Rg5+ 25. Kh1 {-2,1} Qf5 {+2,84} 26. h4 Rg4 27.
Ng2 Rg6 28. Qf1 Qh3+ 29. Kg1 Re8 30. b4 cxb4 31. b3 Ree6 32. d4 Rxg2+ 33. Qxg2
Rg6 0-1

[Event "3.RSCO"]
[Site "Rostock"]
[Date "2003.??.??"]
[Round "7"]
[White "Montreux, Mephisto"]
[Black "Magellan, Mephisto"]
[Result "0-1"]
[WhiteElo "2254"]
[BlackElo "2195"]
[Annotator "Völschow,Michael"]
[PlyCount "122"]
[EventDate "2003.??.??"]
[EventRounds "10"]
[EventCountry "GER"]
[SourceDate "2003.03.19"]

1. d4 c6 2. c4 d5 3. Nc3 e6 4. Nf3 Nf6 5. Bg5 h6 {*} 6. Bh4 {*} Bb4 $6 7. e3
Qa5 8. Bxf6 Bxc3+ 9. bxc3 Qxc3+ 10. Nd2 gxf6 11. Be2 Rg8 12. O-O Nd7 13. Qc1
Qxc1 14. Rfxc1 e5 15. Rab1 Nb6 16. cxd5 cxd5 17. Rc7 Rb8 18. Bb5+ Kf8 19. f3
Na8 20. Rc5 Be6 21. Bd3 Ke7 22. Nb3 Rbc8 23. Ra5 a6 24. Nc1 Rc7 25. Ne2 Kd6 26.
e4 exd4 27. Nxd4 Rc3 28. Bf1 dxe4 29. Rxb7 Nc7 30. fxe4 Rc1 31. Rb6+ Kd7 32.
Nb3 Bxb3 33. axb3 Ke7 34. Rf5 Rg6 35. g3 Rb1 36. Rc5 Ne6 37. Rb7+ Kf8 38. Rc8+
Kg7 39. Rbb8 Rg5 40. Rg8+ Kh7 41. Rh8+ Kg6 42. Kf2 Rb2+ 43. Kf3 Rxh2 44. g4 Rh4
45. Rhg8+ Ng7 46. Bxa6 Rhxg4 47. Bc4 Rg2 48. Ke3 R5g3+ 49. Kd4 Rd2+ 50. Kc5
Rg5+ 51. Bd5 (51. Kc6) 51... f5 52. e5 $2 (52. Rb6+) 52... f4 53. Be4+ Kh5 54.
Bf3+ Kh4 55. Kc4 Ne6 56. Rxg5 hxg5 57. Kc3 Rd7 {+1,6} 58. b4 {-1,57} Kg3 59.
Bc6 Rc7 60. Rb6 Nd8 61. b5 f3 {+5,9} 0-1

[Event "3.RSCO"]
[Site "Rostock"]
[Date "2003.??.??"]
[Round "8"]
[White "Magellan, Mephisto"]
[Black "Montreux, Mephisto"]
[Result "0-1"]
[WhiteElo "2195"]
[BlackElo "2254"]
[Annotator "Völschow,Michael"]
[PlyCount "66"]
[EventDate "2003.??.??"]
[EventRounds "10"]
[EventCountry "GER"]
[SourceDate "2003.03.19"]

1. e4 c5 2. c3 Nf6 3. e5 Nd5 4. d4 cxd4 5. cxd4 {*} Nc6 6. Nf3 d6 7. Nc3 dxe5
8. dxe5 Ndb4 9. a3 Qxd1+ 10. Kxd1 Na6 {*} 11. h3 (11. Bb5 Bg4 12. Ke2 Nc7 13.
Be3 g6 14. h3 Bd7 15. Bc4 Bg7 16. Rhd1 Be6 17. Bxe6 Nxe6 18. Rd5 Nc7 19. Rc5
Ne6) 11... Be6 $6 (11... Nc7) 12. Be3 g6 13. Nd4 Nxd4 14. Bxd4 O-O-O 15. Nb5
Bh6 16. Kc2 Nc7 17. Nxa7+ $6 (17. Nxc7 Kxc7 18. Rd1) 17... Kb8 18. Rd1 {-0,3}
Bf5+ {+0,92} 19. Kb3 Rxd4 20. Nc6+ bxc6 21. Rxd4 Ne6 22. Rc4 Rd8 23. Rh4 Bg7
24. Rxh7 Bxe5 25. Rxf7 Rd2 26. Rxe7 Rxb2+ 27. Kc4 Be4 28. Rxe6 Bd5+ 29. Kd3
Bxe6 30. Ke4 Bd6 31. f3 Rb1 32. a4 Bc4 33. Bxc4 Rxh1 0-1

[Event "3.RSCO"]
[Site "Rostock"]
[Date "2003.??.??"]
[Round "9"]
[White "Montreux, Mephisto"]
[Black "Magellan, Mephisto"]
[Result "0-1"]
[WhiteElo "2254"]
[BlackElo "2195"]
[Annotator "Völschow,Michael"]
[PlyCount "86"]
[EventDate "2003.??.??"]
[EventRounds "10"]
[EventCountry "GER"]
[SourceDate "2003.03.19"]

1. e4 c6 2. d4 d5 3. exd5 cxd5 4. c4 Nf6 5. Nc3 e6 6. Nf3 Be7 7. cxd5 Nxd5 8.
Bd3 Nc6 9. O-O O-O 10. Re1 {*} Bf6 {*} 11. Nxd5 exd5 12. Qc2 Kh8 13. Bxh7 $2 (
13. Be3) 13... Bg4 14. Bd3 Bxf3 15. gxf3 {-0,95} Nxd4 16. Qd1 Qd7 17. f4 Kg8
18. Be3 Rfe8 19. Kh1 Nc6 20. Qb3 Rad8 21. Rg1 Re6 (21... Na5) 22. Rg3 b6 23.
Rd1 (23. f5 Ree8 24. Rag1) 23... Rd6 24. Be2 d4 25. Bd2 d3 {+0,6} 26. Bg4 Qc7
27. Rc1 Qe7 28. Rh3 Qb7 29. Bf3 Qd7 30. Bg2 Nd4 31. Qa3 Ne2 32. Rc4 Qg4 33. f3
Qd7 34. Qb4 a5 {+1,3} 35. Qb3 Rd4 36. Rh5 Nxf4 37. Bxf4 Qe6 {+2,2} 38. Rc1 Qxb3
39. axb3 Rxf4 40. Rd1 Rb4 41. f4 Rxb3 42. Bd5 Rxb2 43. Rxd3 a4 0-1

[Event "3.RSCO"]
[Site "Rostock"]
[Date "2003.??.??"]
[Round "10"]
[White "Magellan, Mephisto"]
[Black "Montreux, Mephisto"]
[Result "1-0"]
[WhiteElo "2195"]
[BlackElo "2254"]
[Annotator "Völschow,Michael"]
[PlyCount "103"]
[EventDate "2003.??.??"]
[EventRounds "10"]
[EventCountry "GER"]
[SourceDate "2003.03.19"]

1. d4 Nf6 2. Nf3 d5 3. c4 c6 4. cxd5 cxd5 5. Nc3 a6 6. Bf4 Nc6 7. Ne5 e6 8. e3
Nxe5 9. Bxe5 Be7 {*} 10. Bd3 Qb6 11. O-O Bd7 12. Qe2 O-O 13. Rfc1 Rfc8 14. Rc2
Bc6 15. Rac1 Nd7 16. Bf4 Bb4 17. a3 Be7 18. b4 Nf6 19. Na4 Qd8 20. Nc5 Qb6 21.
Be5 Rd8 (21... Bb5) 22. Nxa6 Bd6 23. Bxf6 gxf6 24. Rc3 f5 25. Nc5 Bf8 26. g4 (
26. Qh5 Bg7 27. g4 e5 28. dxe5 Bxe5 29. Qxf5 Bxc3 30. Qxh7+ Kf8 31. Rxc3) 26...
f4 {-1,26} 27. exf4 Bg7 28. Qd2 Be8 29. Bb1 Bb5 30. Kh1 (30. g5 h6 31. Rg3 Kf8
32. g6) 30... h6 31. Bc2 Qa7 32. a4 Bc4 33. Rh3 b6 34. Nd3 Bxd3 35. Qxd3 Qe7
36. Qd2 Rac8 37. g5 Rc4 38. gxh6 Bxd4 39. Rg1+ Kh8 40. Rhg3 {+1,9} f5 41. h7
Bf6 42. Qe2 (42. Rg8+ Kxh7 43. Qe2 Qf7 44. R8g3 Rxf4 45. Rh3+ Rh4 46. Qg4 Qg7
47. Rxh4+ Kg8 48. Qh3) 42... Qf7 {-4,50} 43. Rg8+ Kxh7 44. R8g3 Rc3 45. f3 Bg5
46. Rxg5 Rg8 47. Qg2 Rg6 48. Rxg6 Rxf3 49. Rg7+ Kh8 50. Rxf7 Rg3 51. Qxg3 e5
52. Qg8# 1-0

[Event "3.RSCO"]
[Site "Rostock"]
[Date "2004.??.??"]
[Round "1"]
[White "Star Diamond, Novag"]
[Black "Risc 2, Mephisto"]
[Result "1/2-1/2"]
[WhiteElo "2161"]
[BlackElo "2245"]
[Annotator "Völschow,Michael"]
[PlyCount "103"]
[EventDate "2003.??.??"]
[EventRounds "10"]
[EventCountry "GER"]
[SourceDate "2003.03.19"]

1. e4 e5 2. Nf3 Nf6 3. Nxe5 d6 4. Nf3 Nxe4 5. Qe2 Qe7 6. d3 Nf6 7. Bg5 Qxe2+ 8.
Bxe2 Be7 9. Nc3 c6 10. O-O-O Na6 11. Rhe1 Nc7 {*} 12. Ne4 Nxe4 13. dxe4 Bxg5+
14. Nxg5 Ke7 15. f4 Ne6 16. Nh3 Rd8 17. Bf3 Nc5 18. Nf2 f6 19. h4 {*} Be6 20.
Kb1 a5 21. Nd3 Nxd3 22. cxd3 a4 23. d4 Kf7 24. Be2 (24. g4) 24... d5 25. e5 Bd7
26. Kc2 a3 27. b4 Re8 28. Kd2 b6 29. Bd3 g6 30. g3 Ra4 31. Rb1 h5 32. Bc2 Ra7
33. Rb3 Ra4 34. Reb1 Ra7 35. Rc3 Ra6 36. Rf1 b5 37. Rff3 Bg4 38. Rxa3 Rea8 39.
Rxa6 Rxa6 40. Rc3 Bd7 41. a3 Bh3 42. Bb1 (42. a4 bxa4 43. Ra3 Bd7 44. Rxa4 Rxa4
45. Bxa4 Ke6 46. Bc2 f5 47. Bd3 Ke7 48. Kc3 Be8 49. b5 cxb5 50. Kb4 $18) 42...
Bg4 43. Re3 Ra7 44. Bd3 Ra8 45. Bc2 Bh3 46. Rf3 Bg4 47. Rc3 Ra6 48. Ke1 Bd7 49.
Rf3 Bg4 50. Re3 Ra7 51. Kf2 Bh3 52. Bb1 {+1,65 Aber der Star hat leider keine
Ahnung und kann mit dem Mehrbauern nichts anfangen, daher Remis.} 1/2-1/2

[Event "3.RSCO"]
[Site "Rostock"]
[Date "2004.??.??"]
[Round "2"]
[White "Risc 2, Mephisto"]
[Black "Star Diamond, Novag"]
[Result "1-0"]
[WhiteElo "2245"]
[BlackElo "2161"]
[Annotator "Völschow,Michael"]
[PlyCount "67"]
[EventDate "2003.??.??"]
[EventRounds "10"]
[EventCountry "GER"]
[SourceDate "2003.03.19"]

1. e4 c5 2. Nf3 d6 3. d4 cxd4 4. Nxd4 Nf6 5. Nc3 a6 6. Bg5 e6 7. f4 Be7 8. Qf3
Qc7 9. O-O-O Nbd7 10. g4 b5 11. Bxf6 Nxf6 12. g5 Nd7 13. f5 Bxg5+ 14. Kb1 Ne5
15. Qh5 Qe7 16. Nxe6 Bxe6 17. fxe6 {*} g6 18. exf7+ Kxf7 {*} 19. Qh3 Rac8 (
19... Kg7 20. Nd5 Qd8 21. Be2 Rf8 22. Rhf1 Rxf1 23. Rxf1 Ra7 24. Qc3 Rb7 25. a3
a5 26. b4 axb4) 20. a4 $6 (20. Nd5) 20... bxa4 21. Bxa6 Rb8 22. Rhf1+ {+1,02}
Kg7 23. Nxa4 Rb4 {-0,73} (23... Ra8 24. Bb5 Rhb8 25. Nc3 Qa7) 24. Nc3 Qa7 25.
Rxd6 Qb8 26. Nb5 Rxe4 27. Rd4 Re3 28. Qg2 Be7 29. Qd2 Rh3 30. Re1 Re8 $2 (30...
Rd8) 31. Rd7 $18 {+2,07} Kh8 32. Rb7 {+3,91} Qa8 33. Rxe5 Rd8 {-5,00} 34. Rd7
1-0

[Event "3.RSCO"]
[Site "Rostock"]
[Date "2004.??.??"]
[Round "3"]
[White "Star Diamond, Novag"]
[Black "Risc 2, Mephisto"]
[Result "1/2-1/2"]
[WhiteElo "2161"]
[BlackElo "2245"]
[Annotator "Völschow,Michael"]
[PlyCount "53"]
[EventDate "2003.??.??"]
[EventRounds "10"]
[EventCountry "GER"]
[SourceDate "2003.03.19"]

1. e4 c5 2. Nf3 d6 3. d4 cxd4 4. Nxd4 Nf6 5. Nc3 a6 6. Bg5 e6 7. f4 Qb6 8. Qd2
Qxb2 9. Rb1 Qa3 10. Bxf6 gxf6 11. Be2 Nc6 12. Nxc6 bxc6 13. O-O {*} Qa5 14. Kh1
Be7 {*} 15. Rb3 Rg8 16. Qd3 Rg7 17. Rfb1 d5 18. Rb8 Rxb8 19. Rxb8 Kd7 20. Ra8
$2 (20. Rb3) 20... Bb4 (20... Bb7) 21. exd5 cxd5 22. Ne4 Be7 23. Ra7+ Ke8 (
23... Kd8) 24. Ra8 Qe1+ 25. Bf1 Kd7 {0,00} 26. Rxc8 Kxc8 27. Qxa6+ 1/2-1/2